Sucishesha PRACHARANA douvthya (Record no. 8013)

MARC details
000 -LEADER
fixed length control field 00391nam a22001577a 4500
003 - CONTROL NUMBER IDENTIFIER
control field OSt
005 - DATE AND TIME OF LATEST TRANSACTION
control field 20190325155914.0
008 - FIXED-LENGTH DATA ELEMENTS--GENERAL INFORMATION
fixed length control field 190325b ||||| |||| 00| 0 eng d
040 ## - CATALOGING SOURCE
Transcribing agency DLC
082 ## - DEWEY DECIMAL CLASSIFICATION NUMBER
Classification number 494
Item number R161S
100 ## - MAIN ENTRY--PERSONAL NAME
Personal name Rajan N.A
245 ## - TITLE STATEMENT
Title Sucishesha PRACHARANA douvthya
Statement of responsibility, etc. N.a Rajan
260 ## - PUBLICATION, DISTRIBUTION, ETC.
Place of publication, distribution, etc. india:
Name of publisher, distributor, etc. Deepthi Publication:
Date of publication, distribution, etc. c. 2000
300 ## - PHYSICAL DESCRIPTION
Extent 167 p.;
Dimensions 20 cm
942 ## - ADDED ENTRY ELEMENTS (KOHA)
Source of classification or shelving scheme Dewey Decimal Classification
Koha item type Books
Holdings
Withdrawn status Lost status Source of classification or shelving scheme Damaged status Not for loan Collection code Home library Current library Shelving location Date acquired Cost, normal purchase price Total Checkouts Full call number Barcode Date last seen Price effective from Koha item type
    Dewey Decimal Classification     Non-fiction Harvest Mission College Harvest Mission College General Stacks 25.03.2019 500.00   494 R161S 009002 25.03.2019 25.03.2019 Books

OPAC Designed and Maintained by HMC Library Team.
Copyright © HMC Library,Greater Noida, UP.
For any Suggestions/Query Contact library via Email:libhmc@gmail.com